Adams's outline of orthopaedics / (رقم التسجيلة. 24243)

تفاصيل مارك
000 -الفاتح
حقل البيانات ثابتة الطول 01983cam a22004218a 4500
001 - رقم الضبط
رقم الضبط 15536852
003 - محدد رقم الضبط
رقم الضبط OSt
005 - وقت وتاريخ اخر تعامل مع التسجيلة
رقم الضبط 20150408114046.0
008 - عناصر البيانات ثابتة الطول - معلومات عامة
حقل البيانات ثابتة الطول 120623s2010 stk f b 001 0 eng
010 ## - رقم ضبط مكتبة الكونجرس
رقم ضبط مكتبة الكونجرس 2008051272
020 ## - الرقم الدولى المعيارى للكتب
الرقم الدولى المعيارى للكتاب 9780702030611
020 ## - الرقم الدولى المعيارى للكتب
الرقم الدولى المعيارى للكتاب 9780702030604 (international)
035 ## - رقم ضبط النظام
رقم ضبط النظام (DNLM)101490091
040 ## - مصدر الفهرسة
وكالة الفهرسة الأصلية DNLM/DLC
وكالة النسخ MU
042 ## - رمز التحقق
رمز التحقق pcc
050 00 - رقم طلب مكتبة الكونجرس
رقم المادة .A35 2010
060 10 - رقم الطلب بالمكتبة الطبية الوطنية
رقم المادة H199a 2010
082 00 - رقم تصنيف ديوى العشرى
رقم التصنيف 616.7 D H A
رقم الطبعة 22
100 1# - المدخل الرئيسى - إسم شخصى
الإسم الشخصى Hamblen, David L.
9 (RLIN) 16205
245 10 - بيان العنوان
العنوان Adams's outline of orthopaedics /
بيان المسئوليه,etc David L. Hamblen, A. Hamish R. W. Simpson ; contributor, Nigel Raby.
246 30 - العنوان الموازى
عنوان صحيح/عنوان مختصر Outline of orthopaedics
250 ## - بيان الطبعة
بيان الطبعة 14th ed.
260 ## - PUBLICATION, DISTRIBUTION, ETC. (IMPRINT)
مكان الناشر او الموزع Edinburgh ;
-- New York :
اسم الناشر او الموزع Elsevier Churchill Livingstone,
تاريخ النشر أو التوزيع 2010.
263 ## - تاريخ النشر المتوقع
تاريخ النشر المتوقع 0909
300 ## - الوصف المادى
التعداد p. ;
أبعاد الوعاء cm.
500 ## - تبصرة عامة
تبصرة عامة Rev. ed of: Outline of orthopaedics / John Crawford Adams, David L. Hamblen. 13th ed. 2001.
504 ## - تبصرة ببليوجرافية
تبصرة ببليوجرافية,الخ Includes bibliographical references and index.
505 0# - تبصرة محتويات-الفهرس
تبصرة المحتويات المصاغة Clinical methods of history taking and examination -- Imaging in orthopaedics -- Other investigation techniques -- Treatment of orthopaedic disorders -- Deformities and congenital disorders -- General affections of the skeleton -- Infections of bone and joints -- Bone tumours and other local conditions -- Arthritis and other joint disorders -- Soft tissue tumours and other diseases -- Neurological disorders -- Neck and cervical spine -- Trunk and spine -- The shoulder region -- The upper arm and elbow -- The forearm, wrist, and hand -- The hip region -- The thigh and knee -- The leg, ankle, and foot.
650 #4 - المدخل الاضافى بالموضوع-مصطلح موضوعى
مصطلح موضوعي أو اسم جغرافي كعنصر مدخل Orthopedics.
650 #4 - المدخل الاضافى بالموضوع-مصطلح موضوعى
مصطلح موضوعي أو اسم جغرافي كعنصر مدخل Orthopedics.
650 #4 - المدخل الاضافى بالموضوع-مصطلح موضوعى
مصطلح موضوعي أو اسم جغرافي كعنصر مدخل Orthopedic Procedures.
9 (RLIN) 15978
700 1# - المدخل الاضافى - اسم شخصى
الإسم الشخصى Simpson, A. Hamish R. W.
9 (RLIN) 16206
700 1# - المدخل الاضافى - اسم شخصى
الإسم الشخصى Raby, Nigel.
9 (RLIN) 16207
700 1# - المدخل الاضافى - اسم شخصى
الإسم الشخصى Adams, John Crawford.
عنوان العمل Outline of orthopaedics.
9 (RLIN) 16208
906 ## - عنصر بيانات محلى F, LDF (RLIN)
a 7
b cbc
c orignew
d 1
e ecip
f 20
g y-gencatlg
942 ## - عناصر المدخل الإضافي( كوها)
مصدر التصنيف او مخطط الترفيف Dewey Decimal Classification
Koha [default] item type DVD
المقتنيات
حالة الفقد نموذج السعر الفعال حالة تلف ليس للاعارة رقم الطلب رقم النسخة تاريخ الاكتساب الموقع الحالي الباركود الفرع الرئيسي Date last seen نوع المادة فى نظام كوها مصدر التصنيف او خطة الترفيف Total Checkouts
  2013-03-10     616.7 D H A C.1 2012-06-23 المكتبة المركزية بالمجمعة (CL) 00109522 المكتبة المركزية بالمجمعة (CL) 2013-03-10 كتاب Dewey Decimal Classification  
  2013-03-10     616.7 D H A C.2 2012-06-23 المكتبة المركزية بالمجمعة (CL) 00109521 المكتبة المركزية بالمجمعة (CL) 2013-03-10 كتاب Dewey Decimal Classification  
  2013-03-10     616.7 D H A C.3 2012-06-23 المكتبة المركزية بالمجمعة (CL) 00109520 المكتبة المركزية بالمجمعة (CL) 2013-03-10 كتاب Dewey Decimal Classification